000 00986nam a2200265 a 4500
001 vtls003020180
003 MY-SjTCS
005 20200306153419.0
008 110218s2000 enka 000 0 eng d
020 _a1840853638 (pbk.)
039 9 _a201102181549
_bVLOAD
_c201008201625
_dmuhammad_fadzli
_c200811241755
_dVLOAD
_c200503291144
_dsusan
_y200412131321
_zhelen
082 0 4 _a530.076
_bGIL
100 1 _aGilmour, Thane.
_9104628
245 1 0 _aPhysics /
_cThane Gilmour and Glenn Hawkins.
246 1 3 _aAS in a week :
_bphysics.
260 _aLondon :
_bLetts Educational,
_c2000.
300 _a96 p. :
_bill. ;
_c23 cm.
440 0 _aAS in a week / series editor : Kevin Byrne
_9104629
650 0 _aPhysics
_xExaminations
_vStudy guides.
_910404
650 0 _aPhysics
_vProblems, exercises, etc.
_925730
650 0 _aA-level examinations
_vStudy guides.
_910403
700 1 _aHAWKINS, Glenn
_e(j.a.)
_999661
700 1 _aByrne, Kevin (series ed. )
_9200245
920 _aCAL : 88886, 88887
999 _c20291